000 00426nam a22001697a 4500
005 20251108172917.0
008 250721s9999 xx 000 0 ara d
082 1 4 _aط/031.1/موس
245 1 0 _aالموسوعة المختارة /
264 1 _aبيروت :
_bدار سمير،
300 _a24/ص
650 1 7 _aالعلوم
650 1 7 _aالبحار
650 1 7 _aالرياح
942 _2ddc
_cBK
999 _c91574
_d91574